Conference-USA College Football Teams - NO HINTS - Statistics

General Stats
  • This quiz has been taken 33 times
  • The average score is 9 of 12
Answer Stats
Team % Correct
FIU
92%
Middle Tennessee
92%
Delaware
85%
Western Kentucky
85%
Jacksonville State
77%
Kennesaw State
77%
Liberty
77%
Louisiana Tech
77%
UTEP
77%
Missouri State
69%
Sam Houston
69%
New Mexico State
62%
No matching quizzes found
Score Distribution
Percent of People with Each Score
Percentile by Number Answered
Your Score History
You have not taken this quiz